[Event "DEM U12w 2024"]
[Site "Willingen GER"]
[Date "2024.05.22"]
[Round "5"]
[White "Ratushna, Olha"]
[Black "Ali, Maha"]
[Result "1-0"]
[Termination "normal"]
[Board "14"]
[WhiteElo "1602"]
[BlackElo "1667"]
[WhiteClock "00:19:03"]
[BlackClock "00:13:53"]
[PlyCount "73"]
[WhiteFideId "34172602"]
[BlackFideId "34626581"]
[EventCountry "GER"]
[EventRounds "9"]
[EventType "swiss"]
[EventDate "2024.05.18"]

1. e4 {[%clk 01:30:54]} {[%emt 00:00:05]} c6 {[%clk 01:30:42]} {[%emt
00:00:18]} 2. d4 {[%clk 01:31:11]} {[%emt 00:00:12]} d5 {[%clk 01:31:05]}
{[%emt 00:00:09]} 3. e5 {[%clk 01:31:29]} {[%emt 00:00:11]} Bf5 {[%clk
01:31:21]} {[%emt 00:00:15]} 4. h4 {[%clk 01:31:44]} {[%emt 00:00:14]} h5
{[%clk 01:31:42]} {[%emt 00:00:09]} 5. Bd3 {[%clk 01:31:55]} {[%emt 00:00:19]}
Bxd3 {[%clk 01:32:01]} {[%emt 00:00:12]} 6. Qxd3 {[%clk 01:31:55]} {[%emt
00:00:26]} e6 {[%clk 01:32:06]} {[%emt 00:00:28]} 7. Bg5 {[%clk 01:32:07]}
{[%emt 00:00:14]} Qa5+ {[%clk 01:32:24]} {[%emt 00:00:16]} 8. Nd2 {[%clk
01:32:10]} {[%emt 00:00:25]} Qa6 {[%clk 01:32:14]} {[%emt 00:00:42]} 9. c4
{[%clk 01:31:04]} {[%emt 00:01:36]} dxc4 {[%clk 01:29:27]} {[%emt 00:03:18]}
10. Nxc4 {[%clk 01:31:16]} {[%emt 00:00:16]} Bb4+ {[%clk 01:28:31]} {[%emt
00:01:28]} 11. Bd2 {[%clk 01:27:36]} {[%emt 00:04:05]} Be7 {[%clk 01:22:22]}
{[%emt 00:06:44]} 12. Nf3 {[%clk 01:21:56]} {[%emt 00:06:02]} Nh6 {[%clk
01:20:04]} {[%emt 00:02:55]} 13. Ng5 {[%clk 01:16:45]} {[%emt 00:05:35]} Nf5
{[%clk 01:15:50]} {[%emt 00:04:49]} 14. a3 {[%clk 01:09:11]} {[%emt 00:08:06]}
Nd7 {[%clk 01:13:23]} {[%emt 00:02:57]} 15. Qc3 {[%clk 01:07:06]} {[%emt
00:02:28]} Nb6 {[%clk 01:05:09]} {[%emt 00:08:51]} 16. Nxb6 {[%clk 01:02:55]}
{[%emt 00:04:40]} Qxb6 {[%clk 01:04:26]} {[%emt 00:01:13]} 17. Nf3 {[%clk
01:01:41]} {[%emt 00:01:43]} O-O-O {[%clk 01:01:16]} {[%emt 00:03:41]} 18. Be3
{[%clk 00:52:32]} {[%emt 00:09:38]} Rd5 {[%clk 00:56:48]} {[%emt 00:04:59]} 19.
b4 {[%clk 00:47:58]} {[%emt 00:05:03]} Qa6 {[%clk 00:52:20]} {[%emt 00:04:59]}
20. a4 {[%clk 00:44:05]} {[%emt 00:04:24]} Qb6 {[%clk 00:50:11]} {[%emt
00:02:39]} 21. b5 {[%clk 00:42:27]} {[%emt 00:02:08]} a5 {[%clk 00:47:59]}
{[%emt 00:02:42]} 22. O-O {[%clk 00:41:53]} {[%emt 00:01:04]} Nxh4 {[%clk
00:40:06]} {[%emt 00:08:23]} 23. Nxh4 {[%clk 00:41:08]} {[%emt 00:01:15]} Bxh4
{[%clk 00:40:21]} {[%emt 00:00:14]} 24. Rac1 {[%clk 00:40:41]} {[%emt
00:00:54]} Kd7 {[%clk 00:39:06]} {[%emt 00:01:49]} 25. Rc2 {[%clk 00:36:21]}
{[%emt 00:04:49]} Be7 {[%clk 00:34:23]} {[%emt 00:05:13]} 26. Rfc1 {[%clk
00:35:31]} {[%emt 00:01:19]} Rc8 {[%clk 00:34:21]} {[%emt 00:00:33]} 27. Qb3
{[%clk 00:33:35]} {[%emt 00:02:19]} Ke8 {[%clk 00:32:13]} {[%emt 00:02:46]} 28.
Qd3 {[%clk 00:31:20]} {[%emt 00:02:40]} g6 {[%clk 00:31:04]} {[%emt 00:01:43]}
29. Qd2 {[%clk 00:27:56]} {[%emt 00:03:46]} Bb4 {[%clk 00:26:44]} {[%emt
00:04:58]} 30. Qd3 {[%clk 00:26:43]} {[%emt 00:01:38]} Rd7 {[%clk 00:25:53]}
{[%emt 00:01:26]} 31. Qe4 {[%clk 00:24:22]} {[%emt 00:02:45]} Rdc7 {[%clk
00:24:21]} {[%emt 00:02:09]} 32. d5 {[%clk 00:19:36]} {[%emt 00:05:14]} c5
{[%clk 00:23:10]} {[%emt 00:01:42]} 33. d6 {[%clk 00:19:48]} {[%emt 00:00:19]}
Rd7 {[%clk 00:23:03]} {[%emt 00:00:37]} 34. Qf4 {[%clk 00:19:32]} {[%emt
00:00:40]} Rdd8 {[%clk 00:17:40]} {[%emt 00:05:59]} 35. Qf6 {[%clk 00:19:11]}
{[%emt 00:00:47]} Rd7 {[%clk 00:15:18]} {[%emt 00:02:56]} 36. Bg5 {[%clk
00:18:46]} {[%emt 00:00:53]} Qd8 {[%clk 00:13:53]} {[%emt 00:01:57]} 37. Qh8#
{[%clk 00:19:03]} {[%emt 00:00:12]} 1-0

[Event "DEM U12w 2024"]
[Site "Willingen GER"]
[Date "2024.05.22"]
[Round "5"]
[White "Hladeniuk, Yelyzaveta"]
[Black "Weyerer, Elea"]
[Result "1/2-1/2"]
[Termination "normal"]
[Board "15"]
[WhiteElo "1646"]
[BlackElo "1507"]
[WhiteClock "00:25:15"]
[BlackClock "00:34:30"]
[PlyCount "46"]
[WhiteFideId "34176128"]
[BlackFideId "34605770"]
[EventCountry "GER"]
[EventRounds "9"]
[EventType "swiss"]
[EventDate "2024.05.18"]

1. d4 {[%clk 01:30:57]} {[%emt 00:00:02]} d5 {[%clk 01:30:54]} {[%emt
00:00:06]} 2. c4 {[%clk 01:31:09]} {[%emt 00:00:19]} e6 {[%clk 01:31:18]}
{[%emt 00:00:06]} 3. Nc3 {[%clk 01:31:31]} {[%emt 00:00:07]} Nf6 {[%clk
01:31:42]} {[%emt 00:00:07]} 4. cxd5 {[%clk 01:31:52]} {[%emt 00:00:09]} exd5
{[%clk 01:32:05]} {[%emt 00:00:06]} 5. Bg5 {[%clk 01:31:38]} {[%emt 00:00:43]}
Be7 {[%clk 01:32:24]} {[%emt 00:00:13]} 6. e3 {[%clk 01:31:49]} {[%emt
00:00:18]} c6 {[%clk 01:32:41]} {[%emt 00:00:13]} 7. Bd3 {[%clk 01:31:47]}
{[%emt 00:00:31]} O-O {[%clk 01:32:33]} {[%emt 00:00:40]} 8. Nf3 {[%clk
01:31:47]} {[%emt 00:00:29]} Nbd7 {[%clk 01:32:54]} {[%emt 00:00:10]} 9. h3
{[%clk 01:31:04]} {[%emt 00:01:11]} Ne4 {[%clk 01:29:23]} {[%emt 00:04:02]} 10.
Bxe7 {[%clk 01:30:32]} {[%emt 00:01:02]} Qxe7 {[%clk 01:29:38]} {[%emt
00:00:14]} 11. Qc2 {[%clk 01:30:33]} {[%emt 00:00:29]} f5 {[%clk 01:27:59]}
{[%emt 00:02:10]} 12. O-O {[%clk 01:28:33]} {[%emt 00:02:29]} Qe8 {[%clk
01:25:52]} {[%emt 00:02:39]} 13. Ne2 {[%clk 01:24:58]} {[%emt 00:04:03]} h6
{[%clk 01:16:18]} {[%emt 00:10:05]} 14. Kh2 {[%clk 01:19:03]} {[%emt 00:06:21]}
g5 {[%clk 01:13:13]} {[%emt 00:03:39]} 15. Bxe4 {[%clk 01:13:43]} {[%emt
00:05:50]} fxe4 {[%clk 01:11:06]} {[%emt 00:02:37]} 16. Nd2 {[%clk 01:12:38]}
{[%emt 00:01:35]} Qh5 {[%clk 01:08:38]} {[%emt 00:02:57]} 17. Qd1 {[%clk
01:09:47]} {[%emt 00:03:17]} Nf6 {[%clk 01:05:19]} {[%emt 00:03:54]} 18. Ng1
{[%clk 00:48:32]} {[%emt 00:21:43]} Qg6 {[%clk 00:53:52]} {[%emt 00:11:57]} 19.
g3 {[%clk 00:38:27]} {[%emt 00:10:37]} h5 {[%clk 00:49:53]} {[%emt 00:04:29]}
20. Rc1 {[%clk 00:34:08]} {[%emt 00:04:48]} Bd7 {[%clk 00:41:28]} {[%emt
00:08:56]} 21. Nb3 {[%clk 00:31:19]} {[%emt 00:03:20]} b6 {[%clk 00:37:27]}
{[%emt 00:04:31]} 22. Nd2 {[%clk 00:27:27]} {[%emt 00:04:22]} Rf7 {[%clk
00:34:30]} {[%emt 00:03:20]} 23. b4 {[%clk 00:25:15]} {[%emt 00:02:48]} Rh7
{[%emt 00:07:57]} 1/2-1/2

[Event "DEM U12w 2024"]
[Site "Willingen GER"]
[Date "2024.05.22"]
[Round "5"]
[White "Kübart, Ela Marie"]
[Black "Döscher, Nayla"]
[Result "1-0"]
[Termination "normal"]
[Board "16"]
[WhiteElo "1567"]
[BlackElo "1564"]
[WhiteClock "01:04:23"]
[BlackClock "00:37:03"]
[PlyCount "53"]
[WhiteFideId "34633723"]
[BlackFideId "34625046"]
[EventCountry "GER"]
[EventRounds "9"]
[EventType "swiss"]
[EventDate "2024.05.18"]

1. f4 {[%clk 01:30:55]} {[%emt 00:00:04]} d5 {[%clk 01:28:03]} {[%emt
00:02:57]} 2. Nf3 {[%clk 01:31:10]} {[%emt 00:00:16]} Bg4 {[%clk 01:27:53]}
{[%emt 00:00:39]} 3. e3 {[%clk 01:31:10]} {[%emt 00:00:30]} Nc6 {[%clk
01:27:33]} {[%emt 00:00:51]} 4. b3 {[%clk 01:30:38]} {[%emt 00:01:02]} Nf6
{[%clk 01:26:16]} {[%emt 00:01:47]} 5. Bb2 {[%clk 01:30:36]} {[%emt 00:00:32]}
e6 {[%clk 01:24:26]} {[%emt 00:02:20]} 6. Be2 {[%clk 01:29:50]} {[%emt
00:01:16]} Bc5 {[%clk 01:23:25]} {[%emt 00:01:30]} 7. O-O {[%clk 01:28:16]}
{[%emt 00:02:03]} O-O {[%clk 01:21:39]} {[%emt 00:02:17]} 8. d4 {[%clk
01:28:13]} {[%emt 00:00:34]} Be7 {[%clk 01:20:09]} {[%emt 00:02:00]} 9. Ne5
{[%clk 01:24:22]} {[%emt 00:04:21]} Bxe2 {[%clk 01:19:21]} {[%emt 00:01:17]}
10. Qxe2 {[%clk 01:24:40]} {[%emt 00:00:11]} Nxe5 {[%clk 01:18:04]} {[%emt
00:01:48]} 11. fxe5 {[%clk 01:24:51]} {[%emt 00:00:19]} Ne4 {[%clk 01:13:42]}
{[%emt 00:04:51]} 12. Nd2 {[%clk 01:24:23]} {[%emt 00:00:54]} Nxd2 {[%clk
01:12:39]} {[%emt 00:01:38]} 13. Qxd2 {[%clk 01:24:31]} {[%emt 00:00:22]} Qd7
{[%clk 01:09:12]} {[%emt 00:03:56]} 14. Rf3 {[%clk 01:23:08]} {[%emt 00:01:45]}
Rad8 {[%clk 01:07:12]} {[%emt 00:02:39]} 15. Rg3 {[%clk 01:21:15]} {[%emt
00:02:17]} f6 {[%clk 01:03:27]} {[%emt 00:04:22]} 16. exf6 {[%clk 01:13:06]}
{[%emt 00:08:38]} Bxf6 {[%clk 01:02:50]} {[%emt 00:01:07]} 17. Rf1 {[%clk
01:10:51]} {[%emt 00:02:41]} Rf7 {[%clk 00:58:38]} {[%emt 00:04:46]} 18. Ba3
{[%clk 01:09:16]} {[%emt 00:02:04]} g6 {[%clk 00:53:45]} {[%emt 00:05:24]} 19.
Rgf3 {[%clk 01:09:04]} {[%emt 00:00:36]} Kg7 {[%clk 00:52:34]} {[%emt
00:01:47]} 20. Qf2 {[%clk 01:08:01]} {[%emt 00:01:33]} Kg8 {[%clk 00:41:30]}
{[%emt 00:11:34]} 21. Rxf6 {[%clk 01:07:51]} {[%emt 00:00:40]} Rxf6 {[%clk
00:41:20]} {[%emt 00:00:40]} 22. Qxf6 {[%clk 01:08:10]} {[%emt 00:00:11]} Qe8
{[%clk 00:39:57]} {[%emt 00:01:46]} 23. Qe5 {[%clk 01:05:06]} {[%emt 00:03:35]}
Rd7 {[%clk 00:38:27]} {[%emt 00:02:05]} 24. Rf8+ {[%clk 01:03:42]} {[%emt
00:01:53]} Qxf8 {[%clk 00:37:45]} {[%emt 00:01:14]} 25. Bxf8 {[%clk 01:04:03]}
{[%emt 00:00:09]} Kxf8 {[%clk 00:38:08]} {[%emt 00:00:07]} 26. Qh8+ {[%clk
01:04:13]} {[%emt 00:00:18]} Ke7 {[%clk 00:37:03]} {[%emt 00:01:37]} 27. Qxh7+
{[%clk 01:04:23]} {[%emt 00:00:20]} 1-0

[Event "DEM U12w 2024"]
[Site "Willingen GER"]
[Date "2024.05.22"]
[Round "5"]
[White "Briese, Sophie"]
[Black "Margaryan, Mane"]
[Result "0-1"]
[Termination "normal"]
[Board "17"]
[WhiteElo "1475"]
[BlackElo "1512"]
[WhiteClock "00:59:58"]
[BlackClock "00:17:11"]
[PlyCount "104"]
[WhiteFideId "34660305"]
[BlackFideId "16268237"]
[EventCountry "GER"]
[EventRounds "9"]
[EventType "swiss"]
[EventDate "2024.05.18"]

1. e4 {[%clk 01:30:57]} {[%emt 00:00:02]} c5 {[%clk 01:30:57]} {[%emt
00:00:03]} 2. Nf3 {[%clk 01:31:12]} {[%emt 00:00:15]} e6 {[%clk 01:31:22]}
{[%emt 00:00:06]} 3. d4 {[%clk 01:31:37]} {[%emt 00:00:04]} cxd4 {[%emt
00:00:04]} 4. Nxd4 {[%clk 01:31:59]} {[%emt 00:00:08]} a6 {[%clk 01:32:14]}
{[%emt 00:00:05]} 5. Nc3 {[%clk 01:32:20]} {[%emt 00:00:09]} Qc7 {[%clk
01:32:12]} {[%emt 00:00:32]} 6. g3 {[%clk 01:32:35]} {[%emt 00:00:14]} Nf6
{[%clk 01:30:44]} {[%emt 00:01:59]} 7. Bg2 {[%clk 01:31:55]} {[%emt 00:01:08]}
Be7 {[%clk 01:28:01]} {[%emt 00:03:14]} 8. O-O {[%clk 01:31:04]} {[%emt
00:01:21]} O-O {[%clk 01:25:49]} {[%emt 00:02:42]} 9. Be3 {[%clk 01:30:21]}
{[%emt 00:01:12]} Nc6 {[%clk 01:17:59]} {[%emt 00:08:22]} 10. g4 {[%clk
01:27:29]} {[%emt 00:03:22]} h6 {[%clk 01:05:27]} {[%emt 00:13:02]} 11. f4
{[%clk 01:24:09]} {[%emt 00:03:49]} d6 {[%clk 00:57:47]} {[%emt 00:08:11]} 12.
g5 {[%clk 01:23:06]} {[%emt 00:01:33]} hxg5 {[%clk 00:53:06]} {[%emt 00:05:11]}
13. fxg5 {[%clk 01:23:24]} {[%emt 00:00:12]} Nh7 {[%clk 00:49:35]} {[%emt
00:04:01]} 14. h4 {[%clk 01:17:55]} {[%emt 00:05:59]} g6 {[%clk 00:44:50]}
{[%emt 00:05:15]} 15. Rf2 {[%clk 01:10:23]} {[%emt 00:08:01]} Kg7 {[%clk
00:43:19]} {[%emt 00:02:01]} 16. Qe2 {[%clk 01:06:52]} {[%emt 00:04:00]} Bd7
{[%clk 00:37:47]} {[%emt 00:06:04]} 17. Raf1 {[%clk 01:04:03]} {[%emt
00:03:17]} Ne5 {[%clk 00:31:48]} {[%emt 00:06:30]} 18. a3 {[%clk 00:52:48]}
{[%emt 00:11:45]} Rae8 {[%clk 00:27:33]} {[%emt 00:04:44]} 19. Nf3 {[%clk
00:47:16]} {[%emt 00:06:03]} Ng4 {[%clk 00:25:50]} {[%emt 00:02:14]} 20. Nh2
{[%clk 00:44:36]} {[%emt 00:03:09]} Nxf2 {[%clk 00:25:38]} {[%emt 00:00:43]}
21. Qxf2 {[%clk 00:44:09]} {[%emt 00:00:56]} f6 {[%clk 00:17:24]} {[%emt
00:08:45]} 22. Qg3 {[%clk 00:39:18]} {[%emt 00:05:18]} fxg5 {[%clk 00:14:08]}
{[%emt 00:03:49]} 23. hxg5 {[%clk 00:38:36]} {[%emt 00:01:11]} Rxf1+ {[%clk
00:14:07]} {[%emt 00:00:32]} 24. Bxf1 {[%clk 00:38:37]} {[%emt 00:00:29]} Rh8
{[%clk 00:13:04]} {[%emt 00:01:33]} 25. Qf4 {[%clk 00:36:59]} {[%emt 00:02:04]}
Bxg5 {[%clk 00:12:16]} {[%emt 00:01:22]} 26. Qf3 {[%clk 00:36:51]} {[%emt
00:00:36]} Bxe3+ {[%clk 00:12:13]} {[%emt 00:00:36]} 27. Qxe3 {[%clk 00:37:08]}
{[%emt 00:00:12]} Qc5 {[%clk 00:12:09]} {[%emt 00:00:32]} 28. Qxc5 {[%clk
00:37:00]} {[%emt 00:00:39]} dxc5 {[%clk 00:12:33]} {[%emt 00:00:06]} 29. Ng4
{[%clk 00:36:42]} {[%emt 00:00:47]} Rf8 {[%clk 00:09:34]} {[%emt 00:03:30]} 30.
Ne5 {[%clk 00:36:36]} {[%emt 00:00:36]} Be8 {[%clk 00:08:46]} {[%emt 00:01:17]}
31. Bc4 {[%clk 00:36:13]} {[%emt 00:00:55]} Ng5 {[%clk 00:07:51]} {[%emt
00:01:24]} 32. Kg2 {[%clk 00:36:06]} {[%emt 00:00:38]} b5 {[%clk 00:07:30]}
{[%emt 00:00:52]} 33. Be2 {[%clk 00:35:32]} {[%emt 00:01:03]} c4 {[%clk
00:04:09]} {[%emt 00:03:51]} 34. Kg3 {[%clk 00:34:58]} {[%emt 00:01:03]} Nf7
{[%clk 00:03:48]} {[%emt 00:00:50]} 35. Ng4 {[%clk 00:34:48]} {[%emt 00:00:42]}
Nd6 {[%clk 00:01:50]} {[%emt 00:02:27]} 36. Ne5 {[%clk 00:34:30]} {[%emt
00:00:49]} Nf7 {[%clk 00:01:48]} {[%emt 00:00:32]} 37. Ng4 {[%clk 00:34:43]}
{[%emt 00:00:16]} Bc6 {[%clk 00:01:46]} {[%emt 00:00:32]} 38. e5 {[%clk
00:34:34]} {[%emt 00:00:41]} Ng5 {[%clk 00:01:28]} {[%emt 00:00:45]} 39. b3
{[%clk 00:34:23]} {[%emt 00:00:43]} cxb3 {[%clk 00:01:41]} {[%emt 00:00:17]}
40. cxb3 {[%clk 00:34:45]} {[%emt 00:00:07]} Ne4+ {[%clk 00:01:33]} {[%emt
00:00:38]} 41. Nxe4 {[%clk 00:34:57]} {[%emt 00:00:19]} Bxe4 {[%clk 00:01:56]}
{[%emt 00:00:07]} 42. Nf6 {[%clk 00:35:17]} {[%emt 00:00:10]} Bc2 {[%clk
00:29:48]} {[%emt 00:02:37]} 43. b4 {[%clk 01:05:23]} {[%emt 00:00:25]} Rd8
{[%clk 00:28:50]} {[%emt 00:01:22]} 44. Bg4 {[%clk 01:01:47]} {[%emt 00:04:11]}
Bf5 {[%clk 00:27:29]} {[%emt 00:01:51]} 45. Bxf5 {[%clk 01:01:47]} {[%emt
00:00:30]} gxf5 {[%clk 00:26:59]} {[%emt 00:01:01]} 46. Nh5+ {[%clk 01:01:50]}
{[%emt 00:00:27]} Kf7 {[%clk 00:26:10]} {[%emt 00:01:17]} 47. Kf2 {[%clk
01:00:39]} {[%emt 00:01:42]} Rd5 {[%clk 00:24:38]} {[%emt 00:01:59]} 48. Nf4
{[%clk 01:00:26]} {[%emt 00:00:45]} Rxe5 {[%clk 00:24:52]} {[%emt 00:00:18]}
49. Nd3 {[%clk 01:00:44]} {[%emt 00:00:11]} Rd5 {[%clk 00:19:24]} {[%emt
00:05:54]} 50. Nc5 {[%clk 01:00:31]} {[%emt 00:00:48]} Rd2+ {[%clk 00:18:55]}
{[%emt 00:00:57]} 51. Ke3 {[%clk 01:00:42]} {[%emt 00:00:20]} Ra2 {[%clk
00:17:51]} {[%emt 00:01:30]} 52. Kd4 {[%clk 00:59:58]} {[%emt 00:01:18]} Rxa3
{[%clk 00:17:11]} {[%emt 00:01:11]} 0-1

[Event "DEM U12w 2024"]
[Site "Willingen GER"]
[Date "2024.05.22"]
[Round "5"]
[White "Nönnig, Lotte"]
[Black "Birkenheier, Larissa"]
[Result "1/2-1/2"]
[Termination "normal"]
[Board "18"]
[WhiteElo "1647"]
[BlackElo "1501"]
[WhiteClock "00:06:09"]
[BlackClock "00:15:15"]
[PlyCount "111"]
[WhiteFideId "34611509"]
[BlackFideId "34626379"]
[EventCountry "GER"]
[EventRounds "9"]
[EventType "swiss"]
[EventDate "2024.05.18"]

1. e4 {[%clk 01:30:58]} e5 {[%clk 01:30:48]} {[%emt 00:00:13]} 2. Nf3 {[%clk
01:31:19]} {[%emt 00:00:09]} Nc6 {[%clk 01:30:51]} {[%emt 00:00:27]} 3. Bc4
{[%clk 01:31:29]} {[%emt 00:00:21]} Bc5 {[%clk 01:30:39]} {[%emt 00:00:41]} 4.
c3 {[%clk 01:31:46]} {[%emt 00:00:13]} Nf6 {[%clk 01:30:18]} {[%emt 00:00:51]}
5. d3 {[%clk 01:31:59]} {[%emt 00:00:16]} d6 {[%clk 01:29:56]} {[%emt
00:00:52]} 6. Bb3 {[%clk 01:32:10]} {[%emt 00:00:19]} O-O {[%clk 01:27:31]}
{[%emt 00:02:55]} 7. Nbd2 {[%clk 01:31:44]} {[%emt 00:00:56]} Be6 {[%clk
01:25:29]} {[%emt 00:02:32]} 8. Bc2 {[%clk 01:31:26]} {[%emt 00:00:49]} Qd7
{[%clk 01:22:09]} {[%emt 00:03:49]} 9. O-O {[%clk 01:30:29]} {[%emt 00:01:26]}
Rad8 {[%clk 01:19:34]} {[%emt 00:03:05]} 10. h3 {[%clk 01:28:52]} {[%emt
00:02:09]} Rfe8 {[%clk 01:12:51]} {[%emt 00:07:11]} 11. Qe2 {[%clk 01:25:42]}
{[%emt 00:03:41]} Bb6 {[%clk 01:03:35]} {[%emt 00:09:46]} 12. Re1 {[%clk
01:22:51]} {[%emt 00:03:21]} d5 {[%clk 00:53:23]} {[%emt 00:10:42]} 13. Nf1
{[%clk 01:14:25]} {[%emt 00:08:57]} d4 {[%clk 00:45:41]} {[%emt 00:08:11]} 14.
Ng3 {[%clk 01:08:26]} {[%emt 00:06:31]} Qd6 {[%clk 00:34:47]} {[%emt 00:11:21]}
15. Nh4 {[%clk 01:05:19]} {[%emt 00:03:38]} Ne7 {[%clk 00:31:28]} {[%emt
00:03:48]} 16. Qf3 {[%clk 00:59:38]} {[%emt 00:06:07]} Bd7 {[%clk 00:25:44]}
{[%emt 00:06:18]} 17. Bb3 {[%clk 00:56:03]} {[%emt 00:04:07]} Rf8 {[%clk
00:24:25]} {[%emt 00:01:48]} 18. Bd2 {[%clk 00:52:29]} {[%emt 00:04:05]} c5
{[%clk 00:22:46]} {[%emt 00:02:09]} 19. cxd4 {[%clk 00:43:54]} {[%emt
00:09:05]} cxd4 {[%clk 00:22:21]} {[%emt 00:00:54]} 20. Rac1 {[%clk 00:42:11]}
{[%emt 00:02:13]} a5 {[%emt 00:02:31]} 21. a3 {[%clk 00:35:18]} {[%emt
00:06:38]} Be6 {[%clk 00:19:48]} {[%emt 00:01:46]} 22. Bc4 {[%clk 00:32:47]}
{[%emt 00:03:02]} h6 {[%clk 00:18:45]} {[%emt 00:01:32]} 23. Qe2 {[%clk
00:25:40]} {[%emt 00:07:39]} Rc8 {[%clk 00:18:09]} {[%emt 00:01:04]} 24. Bxe6
{[%clk 00:23:11]} {[%emt 00:03:01]} fxe6 {[%clk 00:18:12]} {[%emt 00:00:26]}
25. Nf3 {[%clk 00:22:48]} {[%emt 00:00:53]} Ng6 {[%clk 00:17:32]} {[%emt
00:01:08]} 26. Rxc8 {[%clk 00:19:59]} {[%emt 00:03:22]} Rxc8 {[%clk 00:17:38]}
{[%emt 00:00:23]} 27. Rc1 {[%clk 00:19:27]} {[%emt 00:01:00]} Rxc1+ {[%clk
00:17:28]} {[%emt 00:00:43]} 28. Bxc1 {[%clk 00:19:32]} {[%emt 00:00:25]} Nf4
{[%clk 00:15:56]} {[%emt 00:02:01]} 29. Qc2 {[%clk 00:18:49]} {[%emt 00:01:13]}
Bc5 {[%clk 00:14:03]} {[%emt 00:02:23]} 30. Ne2 {[%clk 00:15:50]} {[%emt
00:03:29]} Nxe2+ {[%clk 00:14:12]} {[%emt 00:00:21]} 31. Qxe2 {[%clk 00:15:31]}
{[%emt 00:00:50]} b6 {[%clk 00:13:58]} {[%emt 00:00:44]} 32. Nd2 {[%clk
00:14:17]} {[%emt 00:01:44]} b5 {[%clk 00:13:33]} {[%emt 00:00:53]} 33. Nb3
{[%clk 00:13:51]} {[%emt 00:00:57]} a4 {[%clk 00:13:14]} {[%emt 00:00:49]} 34.
Nxc5 {[%clk 00:12:50]} {[%emt 00:01:32]} Qxc5 {[%clk 00:13:23]} {[%emt
00:00:21]} 35. Qd1 {[%clk 00:12:10]} {[%emt 00:01:09]} Qc7 {[%clk 00:11:57]}
{[%emt 00:01:55]} 36. Bd2 {[%clk 00:11:53]} {[%emt 00:00:47]} Nd7 {[%clk
00:11:49]} {[%emt 00:00:38]} 37. Bb4 {[%clk 00:11:00]} {[%emt 00:01:25]} Nf8
{[%clk 00:10:57]} {[%emt 00:01:21]} 38. Qe2 {[%clk 00:09:10]} {[%emt 00:02:21]}
Ng6 {[%clk 00:10:27]} {[%emt 00:00:59]} 39. g3 {[%clk 00:08:08]} {[%emt
00:01:33]} Ne7 {[%clk 00:08:00]} {[%emt 00:02:56]} 40. Bxe7 {[%clk 00:07:35]}
{[%emt 00:01:05]} Qxe7 {[%clk 00:08:14]} {[%emt 00:00:15]} 41. Qc2 {[%clk
00:07:35]} {[%emt 00:00:27]} Qb7 {[%clk 00:05:28]} {[%emt 00:03:06]} 42. Qc5
{[%clk 00:06:34]} {[%emt 00:01:42]} Qb8 {[%clk 00:05:15]} {[%emt 00:00:43]} 43.
Qc6 {[%clk 00:06:22]} {[%emt 00:00:42]} Kf7 {[%clk 00:04:41]} {[%emt 00:01:04]}
44. Qd7+ {[%clk 00:03:43]} {[%emt 00:03:10]} Kf6 {[%clk 00:04:03]} {[%emt
00:01:06]} 45. Kg2 {[%clk 00:01:22]} {[%emt 00:02:53]} Qb6 {[%clk 00:02:14]}
{[%emt 00:02:19]} 46. Qe8 {[%clk 00:28:36]} {[%emt 00:03:15]} Qb7 {[%clk
00:31:25]} {[%emt 00:01:19]} 47. Qf8+ {[%clk 00:24:46]} {[%emt 00:04:21]} Qf7
{[%clk 00:30:17]} {[%emt 00:01:37]} 48. Qd6 {[%clk 00:19:00]} {[%emt 00:06:13]}
Qh5 {[%clk 00:20:58]} {[%emt 00:09:49]} 49. Qc6 {[%clk 00:17:43]} {[%emt
00:01:51]} Qe2 {[%clk 00:20:15]} {[%emt 00:01:12]} 50. Qxb5 {[%clk 00:17:44]}
{[%emt 00:00:30]} Qc2 {[%clk 00:19:43]} {[%emt 00:00:56]} 51. h4 {[%clk
00:12:20]} {[%emt 00:06:00]} g5 {[%clk 00:18:47]} {[%emt 00:01:25]} 52. hxg5+
{[%clk 00:12:23]} {[%emt 00:00:29]} hxg5 {[%clk 00:18:32]} {[%emt 00:00:45]}
53. Kf3 {[%clk 00:11:20]} {[%emt 00:01:29]} g4+ {[%clk 00:16:33]} {[%emt
00:02:32]} 54. Kg2 {[%clk 00:08:50]} {[%emt 00:02:58]} Qe2 {[%clk 00:15:21]}
{[%emt 00:01:41]} 55. Qc4 {[%clk 00:06:35]} {[%emt 00:02:38]} Qf3+ {[%clk
00:15:15]} {[%emt 00:00:46]} 56. Kg1 {[%clk 00:06:09]} {[%emt 00:00:56]}
1/2-1/2